[Event "Madrid ch - Semifinal A "]
[Site "Madrid ESP"]
[Date "2015.03.10"]
[Round "2.5"]
[White "Pastor Alonso De Prado, Alberto"]
[Black "Andalon Gomez, Carlos J"]
[Result "1-0"]
[WhiteElo "2131"]
[BlackElo "2022"]
[PlyCount "111"]
[EventDate "2015.03.09"]
[EventType "swiss"]
[EventRounds "9"]
[EventCountry "ESP"]
[Source "lmi"]
[SourceDate "2015.03.09"]

1. e4 c6 2. d4 d5 3. e5 c5 4. dxc5 e6 5. Be3 Nc6 6. Nf3 Nge7 7. Bb5 Bd7 8. Bxc6
Nxc6 9. c3 Qc7 10. Bd4 Be7 11. O-O O-O 12. Re1 f6 13. b4 a5 14. a3 Nxd4 15.
Qxd4 fxe5 16. Nxe5 Rf5 17. Nd2 Raf8 18. Ndf3 Be8 19. Re3 Bh5 20. Rae1 Bf6 21.
g4 Bxe5 22. Nxe5 Rf4 23. Qd1 Be8 24. f3 axb4 25. axb4 R4f6 26. Kg2 h5 27. h3 b6
28. Qd4 bxc5 29. Qxc5 Qb8 30. Ra1 h4 31. Qa7 Qd8 32. Qb7 d4 33. Rd1 Rf4 34.
Rxd4 Rxd4 35. cxd4 Qxd4 36. Qe4 Qb2+ 37. Re2 Qc3 38. Qc4 Qxc4 39. Nxc4 Bb5 40.
Re4 Bc6 41. Re3 Rf4 42. Ne5 Bd5 43. Ng6 Rxb4 44. Nxh4 Kh7 45. Kg3 g5 46. Ng2
Rb1 47. h4 gxh4+ 48. Nxh4 Rg1+ 49. Kf4 Kh6 50. Re5 Rf1 51. Nf5+ exf5 52. g5+
Kg6 53. Rxd5 Rf2 54. Rd6+ Kg7 55. Rf6 Ra2 56. Kxf5 1-0

[Event "Madrid ch - Semifinal A "]
[Site "Madrid ESP"]
[Date "2015.03.10"]
[Round "2.6"]
[White "Cervino Rossel, Cristobal"]
[Black "Garcia-Ruiz Fuentes, Aitor"]
[Result "1/2-1/2"]
[WhiteElo "2102"]
[BlackElo "2007"]
[PlyCount "60"]
[EventDate "2015.03.09"]
[EventType "swiss"]
[EventRounds "9"]
[EventCountry "ESP"]
[Source "lmi"]
[SourceDate "2015.03.09"]

1. d4 Nf6 2. Nf3 g6 3. Nbd2 Bg7 4. b4 Nd5 5. c3 Nxc3 6. Qb3 Nb5 7. e3 Nd6 8. e4
O-O 9. Bd3 Ne8 10. Bb2 d6 11. Rc1 c6 12. a3 Be6 13. Qc2 d5 14. e5 Qd7 15. Nb3
Bf5 16. Nc5 Bxd3 17. Qxd3 Qc7 18. e6 f6 19. O-O Nd6 20. Nd2 f5 21. Rce1 a5 22.
Ra1 b6 23. Ncb3 a4 24. Nc1 Qc8 25. Re1 Rf6 26. Qe2 Ne4 27. f3 Ng5 28. Nd3 Rxe6
29. Qf2 Nd7 30. h4 Rxe1+ 1/2-1/2

[Event "Madrid ch - Semifinal A "]
[Site "Madrid ESP"]
[Date "2015.03.10"]
[Round "2.7"]
[White "Pana, Dorin"]
[Black "De La Puerta Cresis, Javier"]
[Result "0-1"]
[WhiteElo "1945"]
[BlackElo "2097"]
[PlyCount "64"]
[EventDate "2015.03.09"]
[EventType "swiss"]
[EventRounds "9"]
[EventCountry "ESP"]
[Source "lmi"]
[SourceDate "2015.03.09"]

1. e4 c5 2. Nf3 d6 3. d4 cxd4 4. Nxd4 Nf6 5. Nc3 a6 6. Be3 Ng4 7. Qd2 Nxe3 8.
fxe3 e6 9. O-O-O Be7 10. Qf2 Qc7 11. h4 b5 12. Bd3 Nd7 13. g4 Bb7 14. Rhf1 O-O
15. Kb1 Nc5 16. Qg2 b4 17. Nce2 a5 18. g5 a4 19. Rc1 b3 20. cxb3 Qa5 21. Rfd1
axb3 22. a3 d5 23. Nc3 Rfc8 24. exd5 Nxd3 25. Rxd3 Ba6 26. Rdd1 Bxa3 27. dxe6
fxe6 28. bxa3 b2 29. Rc2 Qxa3 30. Rxb2 Qxc3 31. Nxe6 Bd3+ 32. Rxd3 Qc1# 0-1

[Event "Madrid ch - Semifinal A "]
[Site "Madrid ESP"]
[Date "2015.03.10"]
[Round "2.8"]
[White "Correas Gonzalez, Jose Ramon"]
[Black "Santamaria Baeza, Adolfo"]
[Result "0-1"]
[WhiteElo "2091"]
[BlackElo "1905"]
[PlyCount "96"]
[EventDate "2015.03.09"]
[EventType "swiss"]
[EventRounds "9"]
[EventCountry "ESP"]
[Source "lmi"]
[SourceDate "2015.03.09"]

1. e4 e5 2. Nf3 Nc6 3. Bb5 a6 4. Ba4 Bc5 5. d3 Nge7 6. Be3 Bb6 7. Bxb6 cxb6 8.
Nc3 O-O 9. O-O d6 10. h3 b5 11. Bb3 b4 12. Ne2 Ng6 13. d4 Qf6 14. d5 Nce7 15.
Nh2 Bd7 16. Bc4 Qh4 17. Bd3 Rac8 18. Qd2 Rfd8 19. Nf3 Qf6 20. Qg5 Qxg5 21. Nxg5
h6 22. Nf3 f5 23. Ng3 Nf4 24. Rfd1 Nxd3 25. cxd3 f4 26. Nf1 Rc2 27. b3 Rdc8 28.
d4 Ng6 29. Rd2 R2c3 30. dxe5 dxe5 31. Rad1 Bxh3 32. gxh3 Rxf3 33. d6 Rd8 34. d7
Rxh3 35. Rd6 Nf8 36. R1d5 Rh5 37. Rb6 Rxd7 38. Rxd7 Nxd7 39. Rxb7 Rg5+ 40. Kh2
Nc5 41. Rxb4 Kf7 42. Rc4 Nd3 43. f3 Ne1 44. Rc7+ Ke8 45. a4 Nxf3+ 46. Kh3 Rg1
47. Rc8+ Kd7 48. Rc1 g5 0-1

[Event "Madrid ch - Semifinal A "]
[Site "Madrid ESP"]
[Date "2015.03.10"]
[Round "2.9"]
[White "Beyerholm, Arne"]
[Black "Corral Aragon, Juan Maria"]
[Result "1-0"]
[WhiteElo "2058"]
[BlackElo "1830"]
[PlyCount "99"]
[EventDate "2015.03.09"]
[EventType "swiss"]
[EventRounds "9"]
[EventCountry "ESP"]
[Source "lmi"]
[SourceDate "2015.03.09"]

1. d4 d5 2. c4 c6 3. Nf3 dxc4 4. e3 b5 5. a4 e6 6. axb5 cxb5 7. b3 Bb4+ 8. Bd2
Bxd2+ 9. Nbxd2 a5 10. bxc4 b4 11. Ne5 Nf6 12. Be2 O-O 13. Bf3 Ra7 14. O-O Nfd7
15. Nd3 Ba6 16. Qa4 Rc7 17. Rfc1 e5 18. Qxa5 exd4 19. exd4 b3 20. Nxb3 Rxc4 21.
Ndc5 Nxc5 22. dxc5 Rxc1+ 23. Rxc1 Qd3 24. Qc3 Qxc3 25. Rxc3 Re8 26. h4 Nd7 27.
Nd4 Ne5 28. Ra3 Nxf3+ 29. Nxf3 Be2 30. Nd4 Bg4 31. f3 Be6 32. Kf2 Kf8 33. f4
Bd5 34. g3 g6 35. Nb5 Rc8 36. Rc3 Bc6 37. Nd6 Rc7 38. Ke3 h5 39. Kd4 f6 40. Rb3
Ke7 41. Rb8 f5 42. Ke5 Bd7 43. Kd4 Rc6 44. Ra8 Be6 45. Ra7+ Bd7 46. Nc4 Kd8 47.
Rxd7+ Kxd7 48. Ne5+ Kc7 49. Nxc6 Kxc6 50. Kc4 1-0

[Event "Madrid ch - Semifinal A "]
[Site "Madrid ESP"]
[Date "2015.03.10"]
[Round "2.10"]
[White "Gonzalez Rivera, Eduardo"]
[Black "Sanchez Hernandez, Guillermo"]
[Result "1-0"]
[WhiteElo "2088"]
[BlackElo "2100"]
[PlyCount "23"]
[EventDate "2015.03.09"]
[EventType "swiss"]
[EventRounds "9"]
[EventCountry "ESP"]
[Source "lmi"]
[SourceDate "2015.03.09"]

1. e4 c5 2. Nf3 e6 3. d4 cxd4 4. Nxd4 a6 5. Nc3 Qc7 6. g3 Nc6 7. Bg2 Nxd4 8.
Qxd4 Ne7 9. Bf4 Qc6 10. O-O Ng6 11. Be3 Rb8 12. Qa7 1-0

[Event "Madrid ch - Semifinal A "]
[Site "Madrid ESP"]
[Date "2015.03.10"]
[Round "2.11"]
[White "Lozano Sanchez, Jose Antonio"]
[Black "Blanco Sanchez, Jose Fernando"]
[Result "0-1"]
[WhiteElo "1866"]
[BlackElo "2062"]
[PlyCount "139"]
[EventDate "2015.03.09"]
[EventType "swiss"]
[EventRounds "9"]
[EventCountry "ESP"]
[Source "lmi"]
[SourceDate "2015.03.09"]

1. e4 c6 2. Nc3 d5 3. d4 dxe4 4. Nxe4 Nf6 5. Nxf6+ gxf6 6. Bc4 Bf5 7. Ne2 e6 8.
Be3 Nd7 9. Bd3 Bxd3 10. Qxd3 Qc7 11. O-O-O O-O-O 12. Qe4 f5 13. Qh4 Nb6 14. Bg5
Re8 15. g3 Nc4 16. Rd3 h5 17. Bf6 Be7 18. Bxe7 Rxe7 19. Nf4 Ree8 20. f3 Qa5 21.
Kb1 Qb6 22. b3 Rd8 23. Rhd1 Nd6 24. Nxh5 Rdg8 25. g4 Qc7 26. h3 fxg4 27. hxg4
f5 28. Rg1 Qf7 29. Qe1 f4 30. Qe5 Rxh5 31. Qxd6 Rd5 32. Qb4 Rh8 33. Qd2 Qg6 34.
Qe2 Rh3 35. Re1 Kd7 36. Qe4 Qxe4 37. Rxe4 e5 38. Rxe5 Rxe5 39. dxe5+ Ke6 40.
Kb2 Rh7 41. Rd4 Rf7 42. Re4 Rf8 43. c3 c5 44. Kc2 b5 45. a3 Rf7 46. Re2 Rd7 47.
Re4 Rf7 48. a4 a6 49. b4 c4 50. Re1 Rh7 51. Re2 Rh3 52. Rf2 Rg3 53. axb5 axb5
54. Kd2 Rg1 55. Rh2 Ra1 56. Rh6+ Kxe5 57. Rh5+ Kd6 58. Rxb5 Ra2+ 59. Ke1 Ra1+
60. Kf2 Ra2+ 61. Kg1 Rc2 62. Rf5 Rxc3 63. Rxf4 Rc2 64. Re4 c3 65. Rc4 Kd5 66.
Rc5+ Kd4 67. g5 Rb2 68. Rc8 c2 69. Rd8+ Ke5 70. Rc8 0-1

[Event "Madrid ch - Semifinal A "]
[Site "Madrid ESP"]
[Date "2015.03.10"]
[Round "2.12"]
[White "Roldan Garcia, Angel"]
[Black "Tereso Martin, Antonio"]
[Result "1-0"]
[WhiteElo "1826"]
[BlackElo "2033"]
[PlyCount "61"]
[EventDate "2015.03.09"]
[EventType "swiss"]
[EventRounds "9"]
[EventCountry "ESP"]
[Source "lmi"]
[SourceDate "2015.03.09"]

1. e4 c5 2. c3 e6 3. d4 d5 4. exd5 Qxd5 5. Nf3 Nf6 6. Be2 cxd4 7. cxd4 Nc6 8.
Nc3 Qd6 9. O-O a6 10. Re1 Be7 11. h3 O-O 12. Bd3 Nb4 13. Bb1 Rd8 14. Be3 b6 15.
a3 Nbd5 16. Ne4 Qb8 17. Ne5 Bb7 18. Ng5 Rf8 19. Qd3 h6 20. Nh7 Rc8 21. Nxf7
Nxh7 22. Nxh6+ Kf8 23. Qxh7 Bf6 24. Ng4 Nxe3 25. fxe3 Qg3 26. Be4 Bxe4 27. Qxe4
Qd6 28. Rf1 Ke7 29. Nxf6 gxf6 30. Qh7+ Kd8 31. Rxf6 1-0

[Event "Madrid ch - Semifinal A "]
[Site "Madrid ESP"]
[Date "2015.03.10"]
[Round "2.13"]
[White "Camarero Izquierdo, Juan Carlos"]
[Black "Ciuro Munoz, Ricardo"]
[Result "0-1"]
[WhiteElo "1888"]
[BlackElo "2016"]
[PlyCount "144"]
[EventDate "2015.03.09"]
[EventType "swiss"]
[EventRounds "9"]
[EventCountry "ESP"]
[Source "lmi"]
[SourceDate "2015.03.09"]

1. d4 e6 2. Nc3 d5 3. e4 Bb4 4. e5 Qd7 5. Qg4 f5 6. Qh5+ Qf7 7. Qh3 b6 8. f4
Bb7 9. Bd2 Nc6 10. Nf3 O-O-O 11. Bb5 Nh6 12. Ng5 Qg6 13. Qd3 Kb8 14. h4 Ng4 15.
h5 Qe8 16. a4 h6 17. Nf3 Qf7 18. Na2 Bxd2+ 19. Qxd2 a6 20. Bxc6 Bxc6 21. Nb4
Bb7 22. a5 c5 23. dxc5 bxc5 24. Nd3 Qc7 25. b4 cxb4 26. Nxb4 Rc8 27. Nd4 Rhe8
28. Ra3 Qe7 29. Rc3 Ka8 30. Rxc8+ Rxc8 31. c3 Rc4 32. g3 Qc5 33. Nxe6 Re4+ 34.
Kd1 Qxa5 35. Nc2 Qb6 36. Kc1 Ra4 37. Re1 Ra2 38. Ned4 Bc6 39. Nxc6 Qb2+ 40. Kd1
Nf2+ 41. Ke2 Ne4 42. Qd3 Qxc2+ 43. Qxc2 Rxc2+ 44. Kd1 Rxc3 45. Ne7 Kb8 46. Nxf5
Kc7 47. Rg1 Ra3 48. Ke2 Kc6 49. g4 Ra2+ 50. Kf1 Ra1+ 51. Kg2 Rxg1+ 52. Kxg1 a5
53. e6 a4 54. Nd4+ Kd6 55. f5 Nf6 56. Kf2 Ke5 57. Nc6+ Kf4 58. Nb4 Kxg4 59. e7
Kxf5 60. Nxd5 Ne8 61. Kf3 a3 62. Nc3 Ke6 63. Kf4 Kxe7 64. Ke5 Nf6 65. Kd4 Nxh5
66. Na2 g5 67. Kc3 g4 68. Nc1 Nf4 69. Kd2 g3 70. Ke3 g2 71. Kf2 g1=Q+ 72. Kxg1
Ne2+ 0-1

[Event "Madrid ch - Semifinal A "]
[Site "Madrid ESP"]
[Date "2015.03.10"]
[Round "2.14"]
[White "Lorenzo Bailador, Alfredo"]
[Black "Rueda Maria, Ramiro"]
[Result "1/2-1/2"]
[WhiteElo "1998"]
[BlackElo "1903"]
[PlyCount "58"]
[EventDate "2015.03.09"]
[EventType "swiss"]
[EventRounds "9"]
[EventCountry "ESP"]
[Source "lmi"]
[SourceDate "2015.03.09"]

1. e4 e5 2. Nf3 Nf6 3. Nxe5 d6 4. Nf3 Nxe4 5. Qe2 Qe7 6. d3 Nf6 7. Bg5 Be6 8.
Nc3 c6 9. O-O-O Nbd7 10. d4 O-O-O 11. h3 h6 12. Bf4 Nb6 13. Qd2 g5 14. Bh2 Bg7
15. Bd3 Qd7 16. g4 Nbd5 17. Ne2 Rhe8 18. Rhe1 Nxg4 19. hxg4 Bxg4 20. Nfg1 Re7
21. c4 Nc7 22. f3 Be6 23. b3 f5 24. Bc2 Rde8 25. Ng3 d5 26. c5 f4 27. N3e2 Bf5
28. Rf1 Nb5 29. a4 Nc7 1/2-1/2

[Event "Madrid ch - Semifinal A "]
[Site "Madrid ESP"]
[Date "2015.03.10"]
[Round "2.15"]
[White "Camacho Casado, Demetrio"]
[Black "Alvarez Abejon, Amilcar"]
[Result "1-0"]
[WhiteElo "1916"]
[BlackElo "2106"]
[PlyCount "59"]
[EventDate "2015.03.09"]
[EventType "swiss"]
[EventRounds "9"]
[EventCountry "ESP"]
[Source "lmi"]
[SourceDate "2015.03.09"]

1. d4 d5 2. Nf3 Nf6 3. Bf4 c5 4. e3 Nc6 5. c3 Qb6 6. Qb3 c4 7. Qxb6 axb6 8. Na3
Ra5 9. Bc7 e6 10. Nc2 Kd7 11. Bg3 Rb5 12. b4 cxb3 13. Bxb5 bxc2 14. Kd2 Ne4+
15. Kxc2 Bd6 16. Nd2 Bxg3 17. Nxe4 Bxh2 18. Ng5 Bd6 19. Nxh7 Ke7 20. Ng5 Rd8
21. Bxc6 bxc6 22. f4 Ba6 23. Rh7 Kf6 24. Rah1 Bc4 25. Rh8 Rd7 26. Ra8 b5 27.
Rhh8 Be7 28. Rhc8 Kg6 29. Nf3 Rd6 30. Ne5+ 1-0

[Event "Madrid ch - Semifinal A "]
[Site "Madrid ESP"]
[Date "2015.03.10"]
[Round "2.16"]
[White "Rodriguez De Castro, Ayar"]
[Black "Perea Blanco, David"]
[Result "1-0"]
[WhiteElo "2090"]
[BlackElo "1914"]
[PlyCount "67"]
[EventDate "2015.03.09"]
[EventType "swiss"]
[EventRounds "9"]
[EventCountry "ESP"]
[Source "lmi"]
[SourceDate "2015.03.09"]

1. d4 d5 2. c4 e6 3. Nf3 Nf6 4. g3 Be7 5. Bg2 Ne4 6. O-O O-O 7. Nc3 Bf6 8. e3
Nxc3 9. bxc3 Nc6 10. Qe2 Na5 11. Nd2 c5 12. Ba3 cxd4 13. cxd4 Re8 14. Rab1 Rb8
15. Rfc1 b6 16. cxd5 exd5 17. Qb5 Be6 18. Bb4 Nc4 19. Nxc4 dxc4 20. Bf1 Rc8 21.
Bxc4 Qc7 22. Bf1 Qb8 23. a4 Rxc1 24. Rxc1 Rc8 25. Rxc8+ Qxc8 26. Qd3 Bd7 27. a5
b5 28. e4 Qc1 29. e5 Bd8 30. d5 Qb2 31. Bc3 Qb3 32. Qd4 Be8 33. Qc5 Qa4 34. Bb4
1-0

[Event "Madrid ch - Semifinal A "]
[Site "Madrid ESP"]
[Date "2015.03.10"]
[Round "2.17"]
[White "Pinel Mirasierra, Jose Pablo"]
[Black "Morera Rodriguez, Ignacio"]
[Result "1-0"]
[WhiteElo "2021"]
[BlackElo "1887"]
[PlyCount "97"]
[EventDate "2015.03.09"]
[EventType "swiss"]
[EventRounds "9"]
[EventCountry "ESP"]
[Source "lmi"]
[SourceDate "2015.03.09"]

1. d4 Nf6 2. Nf3 g6 3. g3 Bg7 4. Bg2 O-O 5. c4 d5 6. cxd5 Nxd5 7. Nc3 Nxc3 8.
bxc3 c5 9. O-O cxd4 10. cxd4 Nc6 11. Bb2 Qb6 12. Qd2 Rd8 13. Rfd1 Bg4 14. e3 e5
15. Rdb1 Bf5 16. Rd1 Be4 17. Qe2 exd4 18. exd4 Bxf3 19. Bxf3 Bxd4 20. Bxd4 Nxd4
21. Qe4 Nxf3+ 22. Qxf3 Qa6 23. a3 b6 24. Rac1 Rdc8 25. Rb1 Rd8 26. Re1 Re8 27.
Re3 Rad8 28. Rbe1 Rxe3 29. Rxe3 Qc4 30. Re7 Rd3 31. Qe2 Qc1+ 32. Kg2 Qc6+ 33.
Kg1 Rxa3 34. Re8+ Kg7 35. Qe5+ Qf6 36. Rg8+ Kxg8 37. Qxf6 Ra5 38. Kf1 Rd5 39.
h4 h5 40. Ke2 b5 41. Qc6 Re5+ 42. Kd3 Rf5 43. Qa8+ Kh7 44. Qxa7 Rf6 45. Qc5 Rf5
46. Qb6 Kh6 47. Ke4 f6 48. Qd8 Rxf2 49. Qh8# 1-0

[Event "Madrid ch - Semifinal A "]
[Site "Madrid ESP"]
[Date "2015.03.10"]
[Round "2.18"]
[White "Fernandez Aransay, Fernando"]
[Black "Martos De La Vega, Alvar"]
[Result "1-0"]
[WhiteElo "1896"]
[BlackElo "1984"]
[PlyCount "83"]
[EventDate "2015.03.09"]
[EventType "swiss"]
[EventRounds "9"]
[EventCountry "ESP"]
[Source "lmi"]
[SourceDate "2015.03.09"]

1. e4 c5 2. Nf3 d6 3. d4 cxd4 4. Nxd4 Nf6 5. Nc3 a6 6. Bc4 e6 7. Bb3 b5 8. O-O
Be7 9. f3 O-O 10. Be3 Qc7 11. Qe1 Bd7 12. Qg3 Nc6 13. Nxc6 Bxc6 14. Rad1 b4 15.
Ne2 Bb5 16. Rfe1 a5 17. Nd4 Bd7 18. Bh6 Ne8 19. a4 bxa3 20. bxa3 a4 21. Ba2 Qc5
22. Kh1 Bf6 23. Be3 Qxa3 24. Bc4 Qb4 25. Ba2 Rc8 26. f4 e5 27. Nf3 Rxc2 28. Bd5
exf4 29. Bxf4 Bc6 30. e5 dxe5 31. Nxe5 Bxd5 32. Rxd5 Nc7 33. Rd6 Qxd6 34. Ng6
Qd7 35. Nxf8 Kxf8 36. Bd6+ Kg8 37. Bxc7 h5 38. Be5 h4 39. Qe3 Qd5 40. Qf3 Qxe5
41. Qd1 Qc7 42. Re8+ 1-0

[Event "Madrid ch - Semifinal A "]
[Site "Madrid ESP"]
[Date "2015.03.10"]
[Round "2.19"]
[White "Gil Sierra, Jacinto"]
[Black "Perez Cameselle, Francisco"]
[Result "1-0"]
[WhiteElo "1972"]
[BlackElo "1862"]
[PlyCount "93"]
[EventDate "2015.03.09"]
[EventType "swiss"]
[EventRounds "9"]
[EventCountry "ESP"]
[Source "lmi"]
[SourceDate "2015.03.09"]

1. e4 e6 2. d4 d5 3. Nc3 Nf6 4. Bg5 dxe4 5. Nxe4 Be7 6. Nxf6+ Bxf6 7. Bxf6 Qxf6
8. Nf3 O-O 9. Qd2 c5 10. O-O-O Rd8 11. Qc3 cxd4 12. Rxd4 Rxd4 13. Qxd4 Qxd4 14.
Nxd4 e5 15. Nb5 Nc6 16. Bc4 Kf8 17. Rd1 Ke7 18. Nd6 f6 19. c3 Rb8 20. Be2 Be6
21. b3 b6 22. Bf3 Nd8 23. Kb2 Nf7 24. Nb5 a5 25. Na7 Nd8 26. c4 f5 27. Bd5 Bxd5
28. Rxd5 Ke6 29. Nb5 Nf7 30. Nc7+ Ke7 31. Rb5 Kd6 32. Nd5 e4 33. Kc3 Ne5 34. h3
Nd7 35. Kd4 g6 36. a3 Kc6 37. Nc3 Nc5 38. b4 axb4 39. axb4 Ne6+ 40. Ke3 Ra8 41.
Re5 Kd6 42. Rd5+ Kc6 43. Nb5 Nc7 44. Rd6+ Kb7 45. Rd7 Rc8 46. Rxh7 Kc6 47. Na7+
1-0

[Event "Madrid ch - Semifinal A "]
[Site "Madrid ESP"]
[Date "2015.03.10"]
[Round "2.20"]
[White "Lopez Heras, Arturo"]
[Black "Martin Martin, Luis Vicente"]
[Result "1-0"]
[WhiteElo "1873"]
[BlackElo "1970"]
[PlyCount "53"]
[EventDate "2015.03.09"]
[EventType "swiss"]
[EventRounds "9"]
[EventCountry "ESP"]
[Source "lmi"]
[SourceDate "2015.03.09"]

1. d4 d5 2. c4 c6 3. e3 Nf6 4. Nc3 a6 5. c5 e5 6. dxe5 Ng4 7. Qd4 Qc7 8. Nf3
Be6 9. h3 Nh6 10. Bd3 Nd7 11. Na4 Nf5 12. Bxf5 Bxf5 13. Bd2 O-O-O 14. Nb6+ Kb8
15. Nxd7+ Qxd7 16. b4 Be7 17. Qf4 Be6 18. a4 g5 19. Qd4 h5 20. Bc3 Rhf8 21. Kd2
g4 22. hxg4 hxg4 23. Nh4 Qc7 24. Qd3 Bg5 25. Bd4 f6 26. Ng6 Rg8 27. exf6 1-0

[Event "Madrid ch - Semifinal A "]
[Site "Madrid ESP"]
[Date "2015.03.10"]
[Round "2.21"]
[White "Ronco Garcia, Jose Luis"]
[Black "Osorio Ramos, Francisco"]
[Result "1-0"]
[WhiteElo "1962"]
[BlackElo "1788"]
[PlyCount "77"]
[EventDate "2015.03.09"]
[EventType "swiss"]
[EventRounds "9"]
[EventCountry "ESP"]
[Source "lmi"]
[SourceDate "2015.03.09"]

1. Nf3 d6 2. d4 Bg4 3. e4 Nf6 4. h3 Bh5 5. Bd3 Nbd7 6. O-O e5 7. c3 Be7 8. Bg5
h6 9. Bh4 O-O 10. Nbd2 c6 11. Qb3 Qc7 12. Bg3 Rae8 13. Rae1 Bd8 14. Nh4 Qb6 15.
Qc2 Qc7 16. a4 a5 17. Nc4 Be7 18. f4 exf4 19. Bxf4 g5 20. Nxd6 gxf4 21. Nxe8
Rxe8 22. e5 Nd5 23. Nf5 Kh8 24. g4 Bg6 25. Nxh6 Bg5 26. Bxg6 Bxh6 27. Bxf7 Re7
28. Qg6 Rxf7 29. Qxf7 Nf8 30. Qh5 Qg7 31. c4 Ne3 32. Rxe3 fxe3 33. Rf7 e2 34.
Kf2 Qg5 35. Rxf8+ Kh7 36. Qxg5 Bxg5 37. e6 Kg7 38. Rf7+ Kg8 39. d5 1-0

[Event "Madrid ch - Semifinal A "]
[Site "Madrid ESP"]
[Date "2015.03.10"]
[Round "2.22"]
[White "Jimenez Gonzalez, Marcos"]
[Black "Garcia Gutierrez, Jose"]
[Result "0-1"]
[WhiteElo "1851"]
[BlackElo "1947"]
[PlyCount "120"]
[EventDate "2015.03.09"]
[EventType "swiss"]
[EventRounds "9"]
[EventCountry "ESP"]
[Source "lmi"]
[SourceDate "2015.03.09"]

1. c4 e5 2. g3 Nc6 3. Nc3 f5 4. Bg2 Nf6 5. Nf3 e4 6. Ng5 Bc5 7. O-O O-O 8. Nh3
a6 9. a3 d6 10. b4 Bd4 11. Rb1 Ne5 12. Qb3 Be6 13. Nd5 c6 14. Nxf6+ Qxf6 15. d3
b5 16. Bg5 Qf7 17. Qc2 exd3 18. exd3 Rac8 19. cxb5 cxb5 20. Qe2 Rc3 21. Be3
Bxe3 22. Qxe3 Rxd3 23. Qb6 Rxa3 24. Qxd6 Nc4 25. Qf4 Bd5 26. Ng5 Qb7 27. Bxd5+
Qxd5 28. Rfd1 Rd3 29. Rxd3 Qxd3 30. Re1 Qc3 31. Re7 Qf6 32. Re6 Qd8 33. Rxa6
Qd1+ 34. Kg2 Nd2 35. Ra1 Qxa1 36. Qxd2 Qf6 37. Qd5+ Kh8 38. Qc5 h6 39. Ne6 Re8
40. Nf4 Rb8 41. Qc7 Qb6 42. Qe5 Qc6+ 43. Kh3 Rf8 44. Qe7 Rg8 45. Qe5 Qd7 46.
Qc5 Kh7 47. Qb6 Rf8 48. Qg6+ Kh8 49. Qb6 Rf6 50. Qb8+ Kh7 51. Kg2 Qc6+ 52. Kh3
Qb6 53. Qe8 Qc6 54. Qe7 Qe4 55. Qc5 Qc4 56. Qe7 Qf1+ 57. Kh4 Qxf2 58. h3 Qd4
59. Kh5 Qe4 60. Qc5 Qf3+ 0-1

[Event "Madrid ch - Semifinal A "]
[Site "Madrid ESP"]
[Date "2015.03.10"]
[Round "2.23"]
[White "Rottenwohrer Suarez, Juan"]
[Black "Perez Agusti, Luis"]
[Result "1-0"]
[WhiteElo "1640"]
[BlackElo "1928"]
[PlyCount "89"]
[EventDate "2015.03.09"]
[EventType "swiss"]
[EventRounds "9"]
[EventCountry "ESP"]
[Source "lmi"]
[SourceDate "2015.03.09"]

1. d4 f5 2. Nf3 Nf6 3. c4 g6 4. g3 c5 5. e3 Bg7 6. Bg2 O-O 7. O-O Qc7 8. Qe2
Nc6 9. Rd1 Ne4 10. b3 a6 11. Bb2 b5 12. Nc3 Nxc3 13. Bxc3 Bb7 14. cxb5 axb5 15.
Qxb5 cxd4 16. Nxd4 Nxd4 17. Bxd4 Bxg2 18. Kxg2 Rfb8 19. Qd3 Bxd4 20. Qxd4 d6
21. Qd5+ Kg7 22. a4 Qb7 23. Qxb7 Rxb7 24. Rd3 Rab8 25. Ra3 Kf6 26. a5 Ra8 27.
Ra4 Ra6 28. b4 e5 29. Kf1 Ke6 30. Ke2 Kd7 31. Rc3 Rc6 32. Rxc6 Kxc6 33. a6 Ra7
34. Ra5 Kb6 35. Kd3 d5 36. Rxd5 Kxa6 37. Ra5+ Kb6 38. Rxa7 Kxa7 39. Kc4 Kb6 40.
Kd5 e4 41. Ke6 Kb5 42. Kf7 Kxb4 43. Kg7 Kc3 44. Kxh7 Kd3 45. Kxg6 1-0

[Event "Madrid ch - Semifinal A "]
[Site "Madrid ESP"]
[Date "2015.03.11"]
[Round "3.1"]
[White "Suarez Uriel, Adrian"]
[Black "Beyerholm, Arne"]
[Result "1-0"]
[WhiteElo "2243"]
[BlackElo "2058"]
[PlyCount "59"]
[EventDate "2015.03.09"]
[EventType "swiss"]
[EventRounds "9"]
[EventCountry "ESP"]
[Source "lmi"]
[SourceDate "2015.03.09"]

1. e4 e5 2. Nf3 Nf6 3. Nxe5 d6 4. Nf3 Nxe4 5. Nc3 Nxc3 6. dxc3 Be7 7. Be3 Nc6
8. Qd2 Be6 9. O-O-O Qd7 10. Kb1 Bf6 11. h3 a6 12. g4 h6 13. Nd4 Nxd4 14. Bxd4
O-O-O 15. Bxf6 gxf6 16. f4 f5 17. g5 hxg5 18. fxg5 Rh4 19. Qf2 Rdh8 20. Rd4 f4
21. Rxf4 Rxf4 22. Qxf4 Qc6 23. Rh2 Qc5 24. h4 Qg1 25. b3 a5 26. a4 c5 27. c4
Rg8 28. Kb2 Kc7 29. Rd2 Rd8 30. h5 1-0

[Event "Madrid ch - Semifinal A "]
[Site "Madrid ESP"]
[Date "2015.03.11"]
[Round "3.2"]
[White "Santamaria Baeza, Adolfo"]
[Black "Pastor Alonso De Prado, Alberto"]
[Result "0-1"]
[WhiteElo "1905"]
[BlackElo "2131"]
[PlyCount "194"]
[EventDate "2015.03.09"]
[EventType "swiss"]
[EventRounds "9"]
[EventCountry "ESP"]
[Source "lmi"]
[SourceDate "2015.03.09"]

1. e4 e5 2. Nf3 Nc6 3. Bc4 Be7 4. c3 d6 5. d3 Nf6 6. b4 O-O 7. Be3 h6 8. Nbd2
Ng4 9. O-O a5 10. b5 Nxe3 11. fxe3 Nb8 12. a4 Nd7 13. d4 c6 14. Qb3 Bf6 15. Rf2
Nb6 16. bxc6 bxc6 17. Qa2 Nxc4 18. Qxc4 Qc7 19. d5 Ba6 20. Qxc6 Qxc6 21. dxc6
Rfc8 22. Nb3 Bd8 23. Rd1 Rab8 24. Rb2 Rxc6 25. Nxa5 Rcb6 26. Rbd2 Bc7 27. Rd5
Kf8 28. Nd2 Be2 29. Re1 Bg4 30. Nac4 Rc6 31. Rb5 Rc8 32. a5 Be6 33. Nb6 Rd8 34.
c4 Bc8 35. Nd5 Ba6 36. Nxc7 Rxc7 37. Rb4 Rc5 38. Ra1 Ke7 39. Rb6 Ra8 40. Ra4
Kd7 41. Nb3 Rc6 42. Kf2 Kc7 43. Rxc6+ Kxc6 44. Rb4 Kc7 45. c5 dxc5 46. Nxc5 Bc8
47. Ra4 Kc6 48. Nd3 f6 49. Rc4+ Kd6 50. Nb4 Bd7 51. a6 Bb5 52. Rc1 g6 53. Ra1
Ra7 54. g4 Kc5 55. Nd5 f5 56. Rc1+ Kd6 57. Rb1 Kc5 58. gxf5 gxf5 59. Nc3 Bd3
60. Na4+ Kc4 61. Nb2+ Kc3 62. Nxd3 Kxd3 63. Rb6 Kxe4 64. Rxh6 Rc7 65. Rh4+ f4
66. exf4 exf4 67. Ke1 Ke3 68. Kd1 Rc6 69. a7 Ra6 70. Rh7 Ra1+ 71. Kc2 f3 72.
Re7+ Kf2 73. Kb2 Ra6 74. h4 Kg3 75. Rf7 f2 76. h5 Rxa7 77. Rf6 Ra6 78. Rf7 Rc6
79. Rf8 Kg2 80. Rg8+ Kf1 81. Rg6 Rc5 82. h6 Rh5 83. Kc2 Ke2 84. Re6+ Kf3 85.
Rf6+ Kg2 86. Rg6+ Kh1 87. Rf6 Rh2 88. Kc3 Kg1 89. Rg6+ Rg2 90. h7 f1=Q 91. Rg8
Qf3+ 92. Kd4 Rg4+ 93. Ke5 Qf4+ 94. Kd5 Qf5+ 95. Kd6 Rg6+ 96. Ke7 Qf6+ 97. Ke8
Rg7 0-1

[Event "Madrid ch - Semifinal A "]
[Site "Madrid ESP"]
[Date "2015.03.11"]
[Round "3.3"]
[White "De La Puerta Cresis, Javier"]
[Black "Spitzer Isbert, Ramon"]
[Result "0-1"]
[WhiteElo "2097"]
[BlackElo "2011"]
[PlyCount "106"]
[EventDate "2015.03.09"]
[EventType "swiss"]
[EventRounds "9"]
[EventCountry "ESP"]
[Source "lmi"]
[SourceDate "2015.03.09"]

1. e4 Nf6 2. e5 Nd5 3. c4 Nb4 4. d4 f6 5. a3 N4c6 6. Bd3 g6 7. Qg4 Bg7 8. exf6
exf6 9. Ne2 d6 10. Qg3 Ne7 11. h4 Bf5 12. h5 Kf7 13. Nbc3 Nbc6 14. Bd2 Na5 15.
Nf4 Bxd3 16. Qxd3 Nb3 17. Rd1 Nxd2 18. Qxd2 b5 19. Nxb5 d5 20. O-O c6 21. Nc3
Bh6 22. Nce2 Re8 23. Qc2 Qd6 24. g3 Nf5 25. hxg6+ hxg6 26. Rfe1 Re4 27. cxd5
Rae8 28. dxc6 Bxf4 29. gxf4 Qd5 30. c7 Nd6 31. Qd3 Qf5 32. Kf1 g5 33. Qb3+ Kg7
34. Ng1 Rxf4 35. Rxe8 Nxe8 36. Qe3 Nd6 37. Qe7+ Nf7 38. Qe3 Nd6 39. Qe7+ Nf7
40. Qe2 Nd6 41. Rc1 g4 42. Qe7+ Kg6 43. Qxd6 Rxf2+ 44. Ke1 Rf1+ 45. Kd2 Qg5+
46. Kd3 Qxc1 47. Qd7 Rd1+ 48. Ke4 Qc2+ 49. Kf4 Rf1+ 50. Ke3 Re1+ 51. Kf4 Qf2+
52. Kxg4 Rxg1+ 53. Kh3 Qf3+ 0-1